000 00369pab a2200145 454500
008 180718b2001 xxu||||| |||| 00| 0 eng d
100 _aElsenhans, Hartmut
245 _aIntensifying globalisation to make it socially acceptable
260 _c2001
300 _ap.51-74
362 _aJan-Mar
650 _aGlobalization
773 _aIndia Quarterly
909 _a49440
999 _c49440
_d49440